|
|
|
|
| LEADER |
01595nam a2200289 a 4500 |
| 001 |
GR-MES17161 |
| 008 |
150515s2011 gr gz 000 0 gre d |
| 040 |
|
|
|a GrPaTEI
|b gre
|c GR-PaULI
|
| 040 |
|
|
|a GrPaTEI
|b gre
|c GR-PaULI
|
| 100 |
1 |
|
|a Αδαμοπούλου, Στεφανία
|
| 245 |
1 |
0 |
|a Οικονομικά &λογιστικά γεγονότα απο τη χειρόγραφη στη μηχανογραφημένη λογιστική με απεικόνιση στη δικτυακή ενημέρωση /
|c Σπουδαστές:Στεφανία Αδαμοπούλου,Θέλκα Κατσίμπρα ; Επιβλέπων:Νεκτάριος Σύρρος.
|
| 260 |
|
|
|a Μεσολόγγι :
|b ΤΕΙ Δυτικής Ελλάδας,
|c 2011
|
| 300 |
|
|
|a 176σ. :
|b εικ.,σχημ.
|
| 504 |
|
|
|a βιβλιογραφία:σ.175
|
| 650 |
|
4 |
|a Διαδίκτυο (internet)
|
| 650 |
|
4 |
|a Λογιστική
|x Αυτοματοποίηση
|
| 650 |
|
4 |
|a Μηχανογαφημένη Λογιστική
|
| 650 |
|
4 |
|a Πτυχιακή εργασια
|y 2011
|
| 700 |
1 |
|
|a Κατσίμπρα, Θέκλα
|
| 700 |
1 |
|
|a Σύρρος, Νεκτάριος
|
| 710 |
0 |
|
|a ΤΕΙ Δυτικής Ελλάδας
|
| 710 |
2 |
|
|a Σ.Δ.Ο. Τμήμα Λογιστικής
|
| 856 |
4 |
0 |
|u https://nereus.library.upatras.gr/formermes//ptyxiakes/sdo/sdo_log/2011-2015/555pe.pdf
|
| 942 |
|
|
|2 ddc
|
| 952 |
|
|
|0 0
|1 0
|2 ddc
|4 0
|7 0
|9 275254
|a MSLG
|b MSLG
|c BSC
|d 2021-01-17
|e 24
|f 0
|g 0.00
|l 0
|p 24200555
|r 2021-01-17 00:00:00
|t 1
|w 2021-01-17
|y BK15
|x 20150515 0 K.G. 1
|x GrPaTEI
|
| 971 |
|
|
|a .b25832104
|b 16-04-20
|c 13-09-16
|
| 999 |
|
|
|c 159438
|d 159438
|